Dvere do NATO ako sa Aliancia prispôsobila novým časom

Guardado en:
Detalles Bibliográficos
Autor principal: Asmus, Ronald D.
Otros Autores: Bútorová, Zora
Formato: Libro
Lenguaje:eslovaco
Publicado: Bratislava Kalligram 2002
Materias:
Etiquetas: Agregar Etiqueta
Sin Etiquetas, Sea el primero en etiquetar este registro!

MARC

LEADER 00000nam a2200000 4500
001 0136083
005 20221207102604.8
020 |a 80-7149-489-5 
041 0 |a slo 
044 |a SK 
245 1 0 |a Dvere do NATO  |b ako sa Aliancia prispôsobila novým časom  |c Ronald D. Asmus ; preklad: Zora Bútorová ... [et al.] 
264 1 |a Bratislava  |b Kalligram  |c 2002 
300 |a 425 s. 
610 2 0 |a vojenstvo 
610 2 0 |a spolupráca medzinárodná 
610 2 0 |a aliancie strategické 
610 2 0 |a bezpečnosť medzinárodná 
610 2 0 |a bezpečnosť európska 
610 2 0 |a diplomati 
610 2 0 |a vyjednávanie 
610 2 0 |a politika zahraničná 
610 2 0 |a osobnosť 
610 2 0 |a obrana štátu 
610 2 0 |a dohody medzinárodné 
610 2 0 |a svet 
610 2 0 |a Amerika 
610 2 0 |a Európa 
610 2 0 |a NATO 
100 1 |a Asmus, Ronald D. 
700 1 |a Bútorová, Zora